000 01188cab a2200229 4500
001 ABS67384
008 040106n2003 000 0 eng u
035 _a(Sirsi) u124727
100 _aBlackman, D.
245 _aUrban myth of growing the regions
260 _c2003
490 _aAxis
_v57(10) November/December 2003, 10-11(2)
520 _aLooks at criticisms of the government's growth plans for southeast England as being at the expense of urban regeneration and development in less well-off parts of the country, which contain the largest tracts of previously developed land. Summarises English Partnerships' development report "Towards a national brownfield strategy", which concludes that brownfield land is not being brought forward quickly enough to meet government redevelopment targets. View the report at www.englishpartnerships.gov.uk.
590 _aABS
650 _aGREENFIELD SITES
650 _aBROWNFIELD SITES
650 _aSOUTHEAST ENGLAND
650 _aURBAN REGENERATION
690 _aREGENERATION
856 _uhttps://www.englishpartnerships.gov.uk/pages/page_01.asp?PageID=441
_zView the report on the English Partnerships website...
942 _n0
999 _c74025
_d74025